Представление документа в формате RUSMARC

ПолеНазваниеЗначение
  Тип записи a
  Библиографический уровень c
001 Контрольный номер RU/SLIB/B/208781622
005 Дата корректировки 20201206204344.4
010 Индекс ISBN __
d Цена 0-35
101 Язык документа __
a Язык текста rus
200 Заглавие и сведения об ответственности 1_
a Заглавие Мы идем в Индию
e Сведения, относящиеся к заглавию в 8 т.
f Первые сведения об ответственности В. В. Иванов ; под ред. Т. В. Ивановой [и др.] ; подгот. текста С. Чулкова ; коммент. Е. Краснощековой
b Общее обозначение материала Текст
210 Выходные данные __
a Место издания М.
c Издательство Худож. лит.
d Дата издания 1976
215 Физическое описание __
a Объем 606 с.
330 Аннотация __
a Аннотация Действие романа происходит накануне Первой мировой войны в Сибири. Герой страстно ищет свое место в жизни.
461 Уровень набора __
1 2001
a Собрание сочинений
v Т. 7
606 Тематические рубрики __
a Основная рубрика Художественная литература
z Хронологическая подрубрика 20 в.
y Географическая подрубрика Россия
606 Тематические рубрики __
a Основная рубрика Русская литература XX в. (произведения)
610 Ключевые слова __
a Ключевые слова прозаики; проза; романы; тема жизненного пути; русские переселенцы; казахи
686 Индексы других классификаций __
a Классификационный индекс 84(2Рос=Рус)6-4
700 Автор _1
a Фамилия Иванов
b Имя В. В.
4 Код отношения 070
702 Вторичная интеллектуальная ответственность _1
a Фамилия Иванова
b Имя Т. В.
4 Код отношения Редактор
4 Код отношения 340
702 Вторичная интеллектуальная ответственность _1
a Фамилия Чулков
b Имя С.
4 Код отношения Составитель
4 Код отношения 220
702 Вторичная интеллектуальная ответственность _1
a Фамилия Краснощекова
b Имя Е.
4 Код отношения Комментатор
4 Код отношения 210
801 Источник записи _0
a Страна RU
b Организация Муниципальное бюджетное учреждение культуры "Централизованная библиотечная система" г. Сургут (Центральная городская библиотека им. А. С. Пушкина)
g Правила каталогизации КиК/Чорнонос Е.В.
801 Источник записи _1
a Страна RU
b Организация Муниципальное бюджетное учреждение культуры "Централизованная библиотечная система" г. Сургут (Центральная городская библиотека им. А. С. Пушкина)
g Правила каталогизации КиК/Чорнонос Е.В.
852 Данные о местонахождении __
j Шифр хранения 84(2Рос=Рус)6-4
i Авторский знак И 20
p Инвентарный номер 63466(с); 63467(с)
901 Тип документа 1_
t Тип документа x
969 Тип издания __
a Тип издания сборник
990 Данные о заказе (DOS) __
j Количество экземпляров (DOS) 1; 1
t N записи в КСУ для И/У (DOS) ретро